000 00360nam a22001577a 4500
003 SGT
020 _a9789388022361
082 _a615.1
_bP21S
100 _aSANSARE, VIPUL. A.
245 _aTEXTBOOK OF PHARMACEUTICS 2
260 _aNEW DELHI
_bINNOVATIVE, PUB
_c2021
300 _a178
650 _a PHARMACEUTICS
653 _aPHARMACY
942 _2ddc
_cBK
999 _c23885
_d23885